Obce okresu Svitavy - Statistics

General Stats
  • This quiz has been taken 126 times
  • The average score is 32 of 116
Answer Stats
Počet obyvatel Odpověď % Correct
9 715 Moravská Třebová
100%
16 108 Svitavy
100%
1 614 Březová nad Svitavou
93%
10 493 Litomyšl
93%
8 939 Polička
93%
2 797 Jevíčko
79%
1 223 Brněnec
71%
1 603 Bystré
71%
857 Chornice
71%
1 687 Hradec nad Svitavou
71%
1 401 Městečko Trnávka
71%
1 169 Opatov
71%
745 Opatovec
64%
469 Biskupice
57%
1 169 Jaroměřice
57%
1 039 Staré Město
57%
354 Svojanov
57%
1 000 Vendolí
57%
183 Víska u Jevíčka
50%
357 Bělá u Jevíčka
43%
341 Březina
43%
246 Gruna
43%
355 Kamenná Horka
43%
1 375 Kunčina
43%
164 Slatina
43%
441 Vranová Lhota
43%
479 Bělá nad Svitavou
36%
123 Bohuňov
36%
126 Březinky
36%
53 Hartinkov
36%
65 janůvky
36%
1 062 Jedlová
36%
318 Pustá Kamenice
36%
117 Radkov
36%
428 Vítějeves
36%
183 Bezděčí u Trnávky
29%
228 Chrastavec
29%
1 954 Dolní Újezd
29%
1 003 Janov
29%
420 Karle
29%
750 Koclířov
29%
616 Linhartice
29%
1 038 Němčice
29%
159 Pustá Rybná
29%
605 Rychnov na Moravě
29%
290 Vidlatá Seč
29%
64 Vrážné
29%
40 Vysoká
29%
1 037 Čistá
21%
385 Dětřichov
21%
184 Dětřichov u Moravské Třebové
21%
420 Horní Újezd
21%
421 Květná
21%
462 Mladějov na Moravě
21%
303 Pohledy
21%
627 Rohozná
21%
310 Rozhraní
21%
251 Rozstání
21%
984 Sebranice
21%
422 Telecí
21%
919 Třebařov
21%
302 Banín
14%
403 Benátky
14%
111 Bohuňovice
14%
1 045 Borová
14%
167 Borušov
14%
136 Březiny
14%
508 Budislav
14%
265 Hartmanice
14%
175 Jarošov
14%
157 Koruna
14%
407 Křenov
14%
90 Kukle
14%
337 Makov
14%
268 Mikuleč
14%
738 Morašice
14%
67 Nová Ves u Jarošova
14%
1 046 Osík
14%
1 306 Pomezí
14%
520 Poříčí u Litomyšle
14%
1 209 Radiměř
14%
569 Sádek
14%
230 Sedliště
14%
229 Sklené
14%
1 836 Sloupnice
14%
262 Stašov
14%
108 Študlov
14%
446 Trpín
14%
549 Trstěnice
14%
350 Útěchov
14%
36 Želivsko
14%
891 Cerekvice nad Loučnou
7%
204 Chmelík
7%
374 Desná
7%
554 Dlouhá Loučka
7%
147 Horky
7%
424 Javorník
7%
636 Kamenec u Poličky
7%
809 Korouhev
7%
937 Lubná
7%
189 Nedvězí
7%
260 Nová Sídla
7%
173 Příluka
7%
59 Řídký
7%
400 Široký Důl
7%
262 Strakov
7%
81 Suchá Lhota
7%
153 Tržek
7%
134 Chotěnov
0%
158 Chotovice
0%
125 Lavičné
0%
102 Malíkov
0%
664 Oldřiš
0%
139 Rudná
0%
124 Újezdec
0%
108 Vlčkov
0%
No matching quizzes found
Score Distribution
Percent of People with Each Score
Percentile by Number Answered
Your Score History
You have not taken this quiz